Statistics for Updated Top 5 Cities in Washington by Population

Click here to take the quiz!

General Stats

  • This quiz has been taken 33 times
  • The average score is 4 of 5

Answer Stats

CountyCity% Correct
KingSeattle
100%
---------Spokane
85%
PierceTacoma
85%
ClarkVancouver
69%
KingBellevue
62%

Score Distribution

Percentile by Number Answered

Percent of People with Each Score

Your Score History

You have not taken this quiz